Εις Υπακοήν Πίστεως / Δι'ου Ελάβομεν Χάριν και Αποστολήν εις Υπακοήν Πίστεως εν Πάσι τοις Έθνεσιν Υπέρ του Ονόματος Αυτού (Record no. 2104)
[ view plain ]
| 000 -LEADER | |
|---|---|
| fixed length control field | 01139cam a22001934a 4500 |
| 005 - ΗΜΕΡΟΜΗΝΙΑ ΚΑΙ ΩΡΑ ΤΕΛΕΥΤΑΙΑΣ ΕΝΗΜΕΡΩΣΗΣ | |
| Πεδίο ελέγχου | 20250605164031.0 |
| 008 - FIXED-LENGTH DATA ELEMENTS--GENERAL INFORMATION | |
| Πεδίο ελέγχου σταθερού μήκους | 250528s ||||||||||||||||||||||||d |
| 035 ## - SYSTEM CONTROL NUMBER | |
| System control number | 16625 |
| 040 ## - ΠΗΓΗ ΚΑΤΑΛΟΓΟΓΡΑΦΗΣΗΣ | |
| Φορέας πρωτότυπης καταλογογράφησης | MC Athens Campus Library |
| Γλώσσα καταλογογράφησης | Ελληνικά, Μοντέρνα (1453-) |
| Modifying agency | MC Athens Campus Library |
| Κανόνες περιγραφικής καταλογογράφησης | AACR2 |
| 245 1# - ΤΙΤΛΟΣ ΚΑΙ ΔΗΛΩΣΗ ΥΠΕΥΘΥΝΟΤΗΤΑΣ | |
| Τίτλος | Εις Υπακοήν Πίστεως / Δι'ου Ελάβομεν Χάριν και Αποστολήν εις Υπακοήν Πίστεως εν Πάσι τοις Έθνεσιν Υπέρ του Ονόματος Αυτού |
| 260 ## - PUBLICATION, DISTRIBUTION, ETC. | |
| Date of publication, distribution, etc. | 1977 |
| 300 ## - PHYSICAL DESCRIPTION | |
| Extent | 136 |
| 520 ## - SUMMARY, ETC. | |
| Summary, etc. | Πρόλογος, Τι Είναι Αίρεσις και Δόγματα και Σχίσμα Παράδοσις, Μέρος Ιστορικόν, Επικύρωσις του Αγώνος Υπό του Θεού Θαύματα, Τα Αποτελέσματα της Αλλαγής, Απολογητικόν και Αναιρετικόν και Πολέμιοι των Γ.Ο.Χ. - Επιχειρήματα, Επίλογος, Πρόσκλησις, Βιβλιογραφία. |
| 700 1# - ΠΡΟΣΘΕΤΗ ΑΝΑΓΡΑΦΗ--ΦΥΣΙΚΟ ΠΡΟΣΩΠΟ | |
| Personal name | Αβράαμ Τσιμηρικάς |
| 9 (RLIN) | 2714 |
| 700 1# - ΠΡΟΣΘΕΤΗ ΑΝΑΓΡΑΦΗ--ΦΥΣΙΚΟ ΠΡΟΣΩΠΟ | |
| Personal name | Τσιμηρίκας Αβραάμ |
| 9 (RLIN) | 2715 |
| 942 ## - ADDED ENTRY ELEMENTS (KOHA) | |
| Koha item type | Books |
| Τύπος τεκμηρίου | Βιβλιοθήκη | Τρέχουσα τοποθεσία | Barcode | Αριθμός εισαγωγής | Ημερομηνία απόκτησης | Ταξιθετικό σύμβολο | Αριθμός αντιτύπου | Κατάσταση απόσυρσης | Κατάσταση χαμένου | Κατάσταση κατεστραμμένου | Μη δανεισμός | Σύνολο δανεισμών | Ημερομηνία τελευταίας εμφάνισης | Η τιμή ισχύει από |
|---|---|---|---|---|---|---|---|---|---|---|---|---|---|---|
| Books | MC Athens Campus Library | MC Athens Campus Library | 9780000021038 | 4811 | 05/06/2025 | 200 ABR | 1 | 05/06/2025 | 05/06/2025 |